Educación y cultura /
Guardado en:
| Autor Principal: | |
|---|---|
| Formato: | Libro |
| Publicado: |
Buenos Aires :
Paid¢s,
1962
|
| Materias: | |
| Etiquetas: |
Agregar Etiqueta
Sin Etiquetas, Sea el primero en etiquetar este registro!
|
| LEADER | 00475nam a22001815a 4500 | ||
|---|---|---|---|
| 001 | CEM.cems004267 | ||
| 005 | 20060216000000.0 | ||
| 008 | 130507s1962##################000#0#####d | ||
| 003 | CEMS | ||
| 082 | 0 | 4 | |a 370 |
| 100 | 1 | |a Mead, Margaret | |
| 245 | 1 | 0 | |a Educación y cultura / |
| 260 | |a Buenos Aires : |b Paid¢s, |c 1962 | ||
| 300 | |a 221 p. | ||
| 653 | |a Antropologia | ||
| 653 | |a Educacion | ||
| 653 | |a Educacion y cultura | ||
| 859 | |a CEMS |b BIB. CEMS - 11 de abril |h 370 |i M461 |p 3599.75 |t Ej.1 | ||
